00255nam a2200097 a 450000500170000000800410001705000180005824500510007665000130012765000170014020140414093828.0030502s19uu xx 00 eng d aVHS 500bR 06 aVideo 16 Human being, Video 22 and 24 Geology. aGeology. aHuman being.